<?xml version="1.0" encoding="UTF-8"?>
<record
    xmlns:xsi="http://www.w3.org/2001/XMLSchema-instance"
    xsi:schemaLocation="http://www.loc.gov/MARC21/slim http://www.loc.gov/standards/marcxml/schema/MARC21slim.xsd"
    xmlns="http://www.loc.gov/MARC21/slim">

  <leader>02881    a2200229   4500</leader>
  <controlfield tag="003">IN-BaIIA</controlfield>
  <controlfield tag="005">20250825150557.0</controlfield>
  <controlfield tag="008">250825b        |||||||| |||| 00| 0 eng d</controlfield>
  <datafield tag="040" ind1=" " ind2=" ">
    <subfield code="c">IIA Library</subfield>
  </datafield>
  <datafield tag="100" ind1=" " ind2=" ">
    <subfield code="a">Swastik, C</subfield>
    <subfield code="9">49244</subfield>
  </datafield>
  <datafield tag="245" ind1=" " ind2=" ">
    <subfield code="a">Investigating star-planet properties of different exoplanet populations</subfield>
    <subfield code="c">C. Swastik</subfield>
    <subfield code="h">[Thesis]</subfield>
  </datafield>
  <datafield tag="260" ind1=" " ind2=" ">
    <subfield code="a">Bangalore</subfield>
    <subfield code="b">Indian Institute of Astrophysics</subfield>
    <subfield code="c">2024</subfield>
  </datafield>
  <datafield tag="300" ind1=" " ind2=" ">
    <subfield code="a">xviii, 187p.</subfield>
  </datafield>
  <datafield tag="502" ind1=" " ind2=" ">
    <subfield code="b">Doctor of Philosophy</subfield>
    <subfield code="c">Pondicherry University, Puducherry</subfield>
    <subfield code="d">2024</subfield>
  </datafield>
  <datafield tag="520" ind1=" " ind2=" ">
    <subfield code="a">Numerous groundbreaking discoveries have been made in exoplanet science over the past decade. Recent exoplanet search surveys have provided compelling evidence that planets are exceedingly common, with the majority of stars in our Milky Way galaxy hosting one or more planets. The census has also revealed a rich diversity of exoplanetary systems and raised many fundamental and challenging questions. Answers to some of the questions would partly depend on understating the complexity of planet formation and evolution processes and accurately determining host-star and planet properties. In this thesis work, I have studied the different exoplanet populations in terms of their host-star properties and key planetary characteristics. Specifically, I have investigated the mass-metallicity relationship for directly imaged young and massive gas giant planets found at large orbital separations (&gt; 5 AU). The metallicity scatter found in these studies indicates that the formation mechanism of gas giants at large orbital distances is different from the Jupiter analogs found in closer orbits. The age analysis of star-hosting planets, which also forms a part of this thesis, was carried out using elemental abundances, isochrone fitting, and the space velocity of stars determined from GAIA DR3. Combining various pieces of evidence, we were able to show that the formation timeline of small planets precedes the formation of giant planets. That is to say, the stars hosting giant planets are statistically younger compared to those hosting smaller planets. Furthermore, these results are shown to be consistent with planet formation by the core-accretion process and galactic chemical evolution. Finally, using high-contrast imaging data from SPHERE/VLT, I studied the young ( &#x223C; 3 Myr old) planetary system Lkca 15 and modeled the properties of dust grains and the morphology of the protoplanetary disk in this system with the goal of understanding the influence of grain properties (size and composition) on the formation of giant planets on such short timescales.</subfield>
  </datafield>
  <datafield tag="650" ind1=" " ind2=" ">
    <subfield code="a">Exoplanets</subfield>
    <subfield code="9">28592</subfield>
  </datafield>
  <datafield tag="650" ind1=" " ind2=" ">
    <subfield code="a">Exoplanetary systems</subfield>
    <subfield code="9">49255</subfield>
  </datafield>
  <datafield tag="650" ind1=" " ind2=" ">
    <subfield code="a">Stellar charateristics</subfield>
    <subfield code="9">49256</subfield>
  </datafield>
  <datafield tag="700" ind1=" " ind2=" ">
    <subfield code="a">Ravinder K. Banyal</subfield>
    <subfield code="e">Supervisor</subfield>
    <subfield code="9">48960</subfield>
  </datafield>
  <datafield tag="856" ind1=" " ind2=" ">
    <subfield code="u">http://prints.iiap.res.in/handle/2248/8538</subfield>
    <subfield code="y">Click Here to Access eThesis</subfield>
  </datafield>
  <datafield tag="942" ind1=" " ind2=" ">
    <subfield code="2">udc</subfield>
    <subfield code="c">TD</subfield>
  </datafield>
  <datafield tag="999" ind1=" " ind2=" ">
    <subfield code="c">36097</subfield>
    <subfield code="d">36097</subfield>
  </datafield>
  <datafield tag="952" ind1=" " ind2=" ">
    <subfield code="0">0</subfield>
    <subfield code="1">0</subfield>
    <subfield code="2">ddc</subfield>
    <subfield code="4">0</subfield>
    <subfield code="7">0</subfield>
    <subfield code="a">BAN</subfield>
    <subfield code="b">BAN</subfield>
    <subfield code="c">GEN</subfield>
    <subfield code="d">2025-07-15</subfield>
    <subfield code="e">74</subfield>
    <subfield code="g">0.00</subfield>
    <subfield code="l">0</subfield>
    <subfield code="p">20707</subfield>
    <subfield code="r">2025-08-25</subfield>
    <subfield code="v">0.00</subfield>
    <subfield code="w">2025-08-25</subfield>
    <subfield code="y">TD</subfield>
    <subfield code="G"></subfield>
  </datafield>
</record>
